000 00641naa a2200217 i 4500
001 62739
003 ES-MaBCM
005 20241016112433.0
008 991026s1999 usa 000 0 eng d
021 _axx
035 _a(OCoLC)820460640
040 _cES-MaBCM
041 0 _aeng
043 _ausa
100 1 _aEadington, William R.
_913759
245 1 4 _aThe economics of casino gambling
_cWilliam R. Eadington
650 7 _aJuego de azar
_959117
651 2 4 _aEstados Unidos
_9115376
773 0 _aEn:
_tThe journal of economic perspectives
_dNashville : 1999
_w104451
_gvol. 13, no. 3, Summer, p. 173-192. - Loc. S.81
942 _cAREV
999 _c62739
_d62739